Statistics for 核兵器を保有したことのある国

Click here to take the quiz!

General Stats

  • This quiz has been taken 88 times
  • The average score is 11 of 13

Answer Stats

国名備考% Correct
アメリカ
100%
ロシア
100%
フランス
100%
中華人民共和国
99%
イギリス
97%
インド
96%
朝鮮民主主義人民共和国
96%
パキスタン
90%
イスラエル核兵器保有が確実視
80%
ウクライナ1996年までに全廃
77%
ベラルーシ1996年までに全廃
58%
カザフスタン1995年までに全廃
58%
南アフリカ1990年に全廃
41%

Score Distribution

Percentile by Number Answered

Percent of People with Each Score

Your Score History

You have not taken this quiz